| 000 | 00458nam a2200169Ia 4500 | ||
|---|---|---|---|
| 008 | 231217s9999 xx 000 0 und d | ||
| 020 | _a8178812355 | ||
| 041 | _aEnglish | ||
| 082 | _a658.8 CHA;1 R | ||
| 100 | _aChaturvedi, Braj Mohan ed. | ||
| 245 | 0 | _aStrategic marketing : concepts and cases V.2 | |
| 260 |
_c2003 _bICFAI _aHyderabad |
||
| 300 | _aviii, 195+A10 | ||
| 400 | _aMarketing series | ||
| 650 | _aStrategic,marketing,V.2 | ||
| 942 | _cAA | ||
| 999 |
_c191307 _d191307 |
||